00349 2200145 4500245006100000250001100061100002400072650001600096650001700112005001900129260001800148041001400166084001400180336000900194 aSepenggal Kisah, Sejuta MaknacSINTIA PURNAMA SARIhText aCet. 1 aSINTIA PURNAMA SARI aKarya Siswa aAutobiografi a20250520100538 aJakartac2025 aIndonesia a081 SIN s atext